| 000 | 01958cam a22004694i 4500 | ||
|---|---|---|---|
| 003 | PE-LiUPU | ||
| 005 | 20250731173356.0 | ||
| 008 | 150706s r 000 0 d | ||
| 020 | _a9781603741613 | ||
| 035 | _a(Sirsi) i9781603741613 | ||
| 040 |
_aPE-LiUPU _bspa _cPE-LiUPU _erda |
||
| 049 | _aPRUA | ||
| 082 | 0 | 4 |
_a261.8 _bW92 _221 |
| 100 | 1 |
_aWright, Henry W., _eautor. |
|
| 245 | 1 | 3 |
_aUn camino más excelente para mantenerse saludable / _cHenry W. Wright. |
| 264 | 1 |
_aThomaston, GA : _bWhitaker House, _c2009. |
|
| 300 |
_a490 páginas ; _c23 centímetros |
||
| 336 |
_atext _2rdacontent |
||
| 337 |
_aunmediated _2rdamedia |
||
| 338 |
_avolume _2rdacarrier |
||
| 505 | 0 | _aMi propósito y visión -- Enfermedades con raíces espirituales -- La amargura -- Elementos para entender la sanidad y la prevención de las enfermedades -- 7Rs y 1ª hacia la libertad -- Enseñando acerca de los dones del Espíritu -- Temor, estrés y fisiología -- Discusiones de enfermedades específicas -- Bloqueos espirituales para la sanidad -- Comentarios para finalizar. | |
| 526 | _aSEG42 | ||
| 526 | _aSEG41 | ||
| 526 | _aSEG40 | ||
| 526 | _aSEG39 | ||
| 526 | _aP94 | ||
| 526 | _aP87 | ||
| 526 | _aP86 | ||
| 526 | _aP85 | ||
| 526 | _aP77 | ||
| 526 | _aP76 | ||
| 526 | _aP35 | ||
| 541 | _g001-0000483; | ||
| 650 | 1 | 4 |
_aCuración por la fe _xCristianismo. |
| 650 | 2 | 4 |
_aEnfermedades _xCristianismo. |
| 910 |
_agl _bjv _cng _d20101103 |
||
| 942 |
_2ddc _cBOOK |
||
| 949 |
_a261.8 W92 _wDEWEY _c1 _i62245 _lCCODEBUL1 _mBUL _p17.00 _r0 _sY _tBOOK _u2015-7-6 _xTEOLOGIA _PP22 _0COMPRA _o.STAFF. Colección General |
||
| 994 |
_aC0 _bPEPRU |
||
| 596 | _a1 | ||
| 999 |
_a261.8 W92 _wDEWEY _c51325 _i62245 _d51325 _f2021-11-10 _g5 _lCCODEBUL1 _mBUL _p17.00 _q1 _r0 _sY _tBOOK _u2015-7-6 _xTEOLOGIA _PP22 _0COMPRA _o.STAFF. Colección General |
||
| 980 |
_81 _gALBERTO SANCHEZ Responsable de Automatización |
||